Good to talk (Record no. 69057)

MARC details
000 -LEADER
fixed length control field 01401cam a2200265 4500
001 - CONTROL NUMBER
control field ABS64971
008 - FIXED-LENGTH DATA ELEMENTS--GENERAL INFORMATION
fixed length control field 011210n2001 000 0 eng u
035 ## - SYSTEM CONTROL NUMBER
System control number (Sirsi) u115925
100 ## - MAIN ENTRY--PERSONAL NAME
Personal name Spurgeon, S
245 ## - TITLE STATEMENT
Title Good to talk
260 ## - PUBLICATION, DISTRIBUTION, ETC.
Date of publication, distribution, etc. 2001
490 ## - SERIES STATEMENT
Series statement Town & Country Planning
Volume/sequential designation 70(10) October 2001, 275-276(2)
520 ## - SUMMARY, ETC.
Summary, etc. Discusses the debate over mobile phone mast sites and the role the planning process should play in decisions regarding the siting of masts. Highlights the dilemma for government posed by the rapid growth in the mobile phone industry compounded by the imminent introduction of third generation (3G) networks and the public concern over health risks. Outlines the development of the planning process in relation to telecommunications with reference to the 'Telecommunications Code', the 'prior approval' requirement for operators and the revised PPG8. Concludes that government still needs to address health concerns and suggests that the Stewart Report recommendation for emission guidelines could be one solution. References.
590 ## - LOCAL NOTE (RLIN)
Local note ABS
650 ## - SUBJECT ADDED ENTRY--TOPICAL TERM
Topical term or geographic name entry element MOBILE PHONE MASTS
650 ## - SUBJECT ADDED ENTRY--TOPICAL TERM
Topical term or geographic name entry element PPG8
650 ## - SUBJECT ADDED ENTRY--TOPICAL TERM
Topical term or geographic name entry element PLANNING SYSTEM
650 ## - SUBJECT ADDED ENTRY--TOPICAL TERM
Topical term or geographic name entry element EMISSIONS
650 ## - SUBJECT ADDED ENTRY--TOPICAL TERM
Topical term or geographic name entry element PLANNING PROCESS
650 ## - SUBJECT ADDED ENTRY--TOPICAL TERM
Topical term or geographic name entry element PLANNING POLICY GUIDANCE
650 ## - SUBJECT ADDED ENTRY--TOPICAL TERM
Topical term or geographic name entry element HEALTH RISKS
650 ## - SUBJECT ADDED ENTRY--TOPICAL TERM
Topical term or geographic name entry element TELECOMMUNICATIONS MASTS
690 ## - LOCAL SUBJECT ADDED ENTRY--TOPICAL TERM (OCLC, RLIN)
Topical term or geographic name as entry element TRANSPORT AND COMMUNICATIONS
942 ## - ADDED ENTRY ELEMENTS (KOHA)
Suppress in OPAC 0
Holdings
Withdrawn status Lost status Source of classification or shelving scheme Damaged status Not for loan Home library Current library Shelving location Date acquired Total Checkouts Full call number Barcode Date last seen Copy number Price effective from Koha item type
    Dewey Decimal Classification     London London Journal article 10/12/2001   ABS64971 115925-1001 06/08/2019 1 06/08/2019 Journal article